[Event "Challenge"]
[Site "http://www.queenalice.com/game.php?id=171834"]
[Date "2007.2.21"]
[Round "-"]
[White "rs105"]
[Black "jojo2017"]
[Result "0-1"]
[WhiteElo "1100"]
[BlackElo "1144"]

1. d4 e6 2. Nf3 Bb4+ 3. Bd2 Nc6 4. Ne5 Qe7 5. a3 Bd6 6. Bb4 Nxb4 7. axb4 Bxb4+
8. c3 f6 9. Nd3 Bd6 10. Nd2 Nh6 11. Ra4 Nf5 12. g3 e5 13. Bh3 Qe6 14. e4 Ne3 15.
Bxe6 Nxd1 16. Kxd1 dxe6 17. f4 exf4 18. gxf4 Bd7 19. Rb4 Bxb4 20. Nxb4 Ba4+ 21.
b3 Bb5 22. c4 Bd7 23. f5 exf5 24. Re1 O-O-O 25. Rf1 fxe4 26. Nxe4 Bh3 27. Rf3
Bg4 0-1

[Event "Cheetaz"]
[Site "http://www.queenalice.com/game.php?id=172262"]
[Date "2007.2.22"]
[Round "-"]
[White "rs105"]
[Black "TheTruth"]
[Result "0-1"]
[WhiteElo "1113"]
[BlackElo "1125"]

1. d4 f5 2. Nf3 d5 3. e3 Nc6 4. Nc3 Nf6 5. Ne5 Be6 6. Nd3 g6 7. Nf4 Qd6 8. f3
Bh6 9. Be2 O-O-O 10. Qd3 Bxf4 11. exf4 Qb4 12. Bd2 Nxd4 13. O-O Nxe2+ 14. Qxe2
Rd6 15. Nb5 Ra6 16. Bxb4 c6 0-1

[Event "Game on!"]
[Site "http://www.queenalice.com/game.php?id=172307"]
[Date "2007.2.22"]
[Round "-"]
[White "rs105"]
[Black "Butze"]
[Result "0-1"]
[WhiteElo "1004"]
[BlackElo "1409"]

1. d4 d6 2. Nf3 Nc6 3. e4 e5 4. Bg5 f6 5. Be3 Be6 6. Nc3 Bg4 7. h3 Bh5 8. dxe5
Nxe5 9. Nxe5 Bxd1 10. Kxd1 dxe5+ 11. Bd3 b6 12. Kc1 Bc5 13. Rd1 Qd7 0-1

[Event "Challenge"]
[Site "http://www.queenalice.com/game.php?id=172312"]
[Date "2007.2.22"]
[Round "-"]
[White "rs105"]
[Black "SunsFan"]
[Result "0-1"]
[WhiteElo "1040"]
[BlackElo "1168"]

1. d4 Nf6 2. Nf3 Nc6 3. Nc3 d5 4. e3 Bf5 5. Bd3 Bxd3 6. cxd3 e6 7. Ne5 Nxe5 8.
dxe5 Ng4 9. Qxg4 Bc5 10. Qxg7 Rf8 11. Qxh7 Qe7 12. Rf1 b6 13. e4 dxe4 14. Qxe4
O-O-O 0-1

[Event "AUTO-OPEN-567"]
[Site "http://www.queenalice.com/game.php?id=172345"]
[Date "2007.2.22"]
[Round "1"]
[White "Cronos"]
[Black "rs105"]
[Result "1-0"]
[WhiteElo "1725"]
[BlackElo "1064"]

1. e4 d5 2. exd5 Qxd5 3. Nc3 Qe5+ 4. Qe2 Qd4 5. Nf3 Qd6 6. Ne4 Qf4 7. d3 Qf5 8.
b3 Nf6 9. Nd4 Qa5+ 10. Bd2 Qa3 11. Nb5 Qb2 12. Bc3 Bg4 13. f3 1-0

[Event "AUTO-OPEN-567"]
[Site "http://www.queenalice.com/game.php?id=172346"]
[Date "2007.2.22"]
[Round "1"]
[White "rs105"]
[Black "Cronos"]
[Result "0-1"]
[WhiteElo "1004"]
[BlackElo "1787"]

1. d4 d5 2. Nf3 Nf6 3. c3 Nc6 4. e3 e6 5. Nbd2 Bd6 6. Bd3 O-O 7. e4 Bf4 8. g3
Bh6 9. c4 Bxd2+ 10. Qxd2 dxe4 11. d5 exd5 12. cxd5 exd3 13. dxc6 Re8+ 14. Kf1
bxc6 0-1

[Event "AUTO-OPEN-567"]
[Site "http://www.queenalice.com/game.php?id=172369"]
[Date "2007.2.22"]
[Round "1"]
[White "rs105"]
[Black "SGF"]
[Result "0-1"]
[WhiteElo "1064"]
[BlackElo "1602"]

1. d4 d5 2. Nf3 Nc6 3. Nc3 Bg4 4. h3 Bxf3 5. gxf3 Nf6 6. e4 dxe4 7. fxe4 Qxd4 8.
Qxd4 Nxd4 9. Kd1 O-O-O 10. Bd2 Nf3 11. Rc1 Nxd2 12. Bd3 Ndxe4 13. f3 Nf2+ 14.
Kd2 Nxh1 15. Rxh1 e5 16. Kc1 c6 17. Bf5+ Kb8 18. Rd1 Bb4 19. Re1 g6 20. Bd3 Rhe8
21. a3 Bxc3 0-1

[Event "AUTO-OPEN-567"]
[Site "http://www.queenalice.com/game.php?id=172370"]
[Date "2007.2.22"]
[Round "1"]
[White "SGF"]
[Black "rs105"]
[Result "1-0"]
[WhiteElo "1600"]
[BlackElo "1064"]

1. e4 d5 2. e5 f6 3. exf6 gxf6 4. Qh5+ Kd7 5. Qxd5+ Ke8 6. Bb5+ c6 7. Qh5+ Kd7
8. Bc4 e6 9. Nf3 h6 10. O-O Qe7 11. Re1 Qh7 12. Rxe6 Qxc2 13. Qf7+ Be7 14. Na3
Qd1+ 15. Re1 Qa4 16. Qg7 Kd8 17. Qxh8 c5 18. Qxg8+ Kd7 19. Qe6+ Kc7 20. Qxe7+
1-0